000 00490nmm a2200169Ia 4500
008 251105s9999||||xx |||||||||||||||||und||
020 _a9789589658504
041 _aspa
100 _aCossio, Alexander
245 0 _aDando vida a una cometa
264 _a[Washington, Estados Unidos] :
_bDigitalia Publishing,
_c1999
300 _a50 páginas
490 _aAlexander Cossio
650 _aLatin American poetry
856 _uhttps://public.digitaliapublishing.com/a/48959
942 _cCF
999 _c96702
_d96702